Au-delà du Cercle Polaire Arctique - Statistiques

Statistiques générales
  • Ce quiz a été pris 65 fois
  • Le résultat moyen est 8 sur 8
Statistiques - réponses
Réponse % Correct
Canada
100%
Finlande
100%
Norvège
100%
Russie
100%
Suède
100%
Etats-Unis
98%
Islande
98%
Danemark
97%
Aucun quiz correspondant
Distribution des résultats
% des personnes avec chaque résultat
Percentile par nombre de réponses
Votre historique - résultats
Vous n’avez pas pris ce quiz